| 000 | 00446nam a22001577a 4500 | ||
|---|---|---|---|
| 020 | _a9780000306890 | ||
| 082 |
_aM301 _bSUS/S |
||
| 100 |
_aSusmesh Chandroth _9154312 |
||
| 245 |
_aSwarna mahal/ _cby Susmesh Chandroth |
||
| 260 |
_aKottayam: _bSahitya Pravarthaka Cooperative Society, _c2016. |
||
| 300 | _a96p. | ||
| 650 |
_aStories Malayalam _9154313 |
||
| 650 |
_aLiterature Malayalam _9154314 |
||
| 650 |
_aLiterature _9154315 |
||
| 942 | _cBK | ||
| 999 |
_c141619 _d141619 |
||